Bezpečnostné aspekty rozvoja integračných väzieb v rámci spoločného európskeho hospodárskeho priestoru dizertačná práca

Salvato in:
Dettagli Bibliografici
Autore principale: Hoľková, Anna
Ente Autore: Obchodná fakulta EU. Katedra medzinárodného obchodu
Altri autori: Kosír, Igor
Natura: Libro
Lingua:slovacco
Pubblicazione: Bratislava 2009
Soggetti:
Tags: Aggiungi Tag
Nessun Tag, puoi essere il primo ad aggiungerne!!

MARC

LEADER 00000nam$a2200000$$$4500
001 0105821
005 20230227085810.0
041 0 |a slo 
044 |a SK 
245 1 0 |a Bezpečnostné aspekty rozvoja integračných väzieb v rámci spoločného európskeho hospodárskeho priestoru  |b dizertačná práca  |c Anna Hoľková ; škol. Igor Kosír 
264 1 |a Bratislava  |c 2009 
300 |a 176 s. 
610 2 0 |a integrácia ekonomická medzinárodná 
610 2 0 |a bezpečnosť európska 
610 2 0 |a bezpečnosť medzinárodná 
610 2 0 |a bezpečnosť energetická 
610 2 0 |a Európska únia 
610 2 0 |a kriminalita 
100 1 |a Hoľková, Anna 
700 1 |a Kosír, Igor 
710 2 |a Obchodná fakulta EU. Katedra medzinárodného obchodu